000 00379nam a2200121 u 4500
001 000020390
005 20200929170409.0
008 100813s2015 dr 000 0 spa d
040 _aDO-SdBNP
_bspa
_cBNPHU
082 _axxx
_bxxxx
245 1 0 _aProyecto de desarrollo para organizacones económicas de pobres rurales de la frontera.
260 _aSanto Domingo, :
_bSantillana,
_c2015.
999 _c19894
_d19894